000 00357nam a2200145Ia 4500
008 230917s9999||||xx |||||||||||||| ||und||
040 _e128721
_aMAIN
041 _aEnglish
082 _a820.09 R576M
100 _aRobson, W.W.
245 0 _aModern English literature
260 _aOxford
_bOxford University Press
_c1984
300 _a172 p.
942 _cBK
999 _c56363
_d56363